书目信息 |
| 题名: |
ASP.NET网络开发实用工程案例
|
|
| 作者: | 刘端阳 , 汪杰 编著 | |
| 分册: | ||
| 出版信息: | 北京 人民邮电出版社 2008.05 |
|
| 页数: | 446页 | |
| 开本: | 26cm | |
| 丛书名: | ||
| 单 册: | ||
| 中图分类: | TP393.092 | |
| 科图分类: | ||
| 主题词: | 网页--wang ye--制作--软件工具 | |
| 电子资源: | ||
| ISBN: | 978-7-115-17640-0 | |
| 000 | 00976nam0 2200253 450 | |
| 001 | 012008247955 | |
| 005 | 20080616113712.09 | |
| 010 | @a978-7-115-17640-0@dCNY56.00 (含光盘) | |
| 010 | @a978-7-89479-050-7@b光盘 | |
| 100 | @a20080612d2008 em y0chiy0120 ea | |
| 101 | 0 | @achi |
| 102 | @aCN@b110000 | |
| 105 | @aak z 000yy | |
| 106 | @ar | |
| 200 | 1 | @aASP.NET网络开发实用工程案例@AASP.NET wang luo kai fa shi yong gong cheng an li@f刘端阳, 汪杰编著@Fliu duan yang,wang jie bian zhu |
| 210 | @a北京@c人民邮电出版社@d2008.05 | |
| 215 | @a446页@c图@d26cm@e光盘1片 | |
| 330 | @a本书精选了5个完整的ASP.NET网络开发案例——数据库管理系统、旅游信息网、网络书店系统、VOD视频点播管理系统、新闻发布系统,其中穿插介绍了基于ASP.NET的程序开发技巧和方法。 | |
| 606 | 0 | @a网页@Awang ye@x制作@x软件工具 |
| 690 | @aTP393.092@v4 | |
| 701 | 0 | @a刘端阳@Aliu duan yang@4编著 |
| 701 | 0 | @a汪杰@Awang jie@4编著 |
| 801 | 0 | @aCN@bQSSK@c20080616 |
| 905 | @b726698-700@dTP393.092@eL608@f3 | |
| ASP.NET网络开发实用工程案例/刘端阳, 汪杰编著.-北京:人民邮电出版社,2008.05 |
| 446页:图;26cm+光盘1片 |
| ISBN 978-7-115-17640-0:CNY56.00 (含光盘) |
| 本书精选了5个完整的ASP.NET网络开发案例——数据库管理系统、旅游信息网、网络书店系统、VOD视频点播管理系统、新闻发布系统,其中穿插介绍了基于ASP.NET的程序开发技巧和方法。 |
| ● |
| 相关链接 |
|
|
|
正题名:ASP.NET网络开发实用工程案例
索取号:TP393.092/L608
 
预约/预借
| 序号 | 登录号 | 条形码 | 馆藏地/架位号 | 状态 | 备注 |
| 1 | 726698 | 207266983 | 自科二线404/404自科库 23排2列5层/ [索取号:TP393.092/L608] | 在馆 | |
| 2 | 726699 | 207266992 | 自科库301/301自科库 127排1列3层/ [索取号:TP393.092/L608] | 在馆 | |
| 3 | 726700 | 207267009 | 期刊室512/301自科库 127排1列3层/ [索取号:TP393.092/L608] | 在馆 |